LEADER 01349nam 2200373 n 450 001 996386796303316 005 20221108033725.0 035 $a(CKB)1000000000617000 035 $a(EEBO)2240882732 035 $a(UnM)99835964 035 $a(EXLCZ)991000000000617000 100 $a19900820d1619 uy | 101 0 $aeng 135 $aurbn||||a|bb| 200 02$aA caueat for Archippus$b[electronic resource] $eA sermon preached at a visitation at White-Chappel Church in London, Septemb. 23. 1618. By Ier. Dyke minister of Gods word at Epping in Essex 210 $aLondon $cPrinted [by Richard Field] for Robert Mylbourne, and are to be sold at his shop at the great south-doore of Pauls$d1619 215 $a[4], 45, [3] p 300 $aOn Colossians IV, 17. 300 $aPrinter's name from STC. 300 $aThe first leaf and the last leaf are blank. 300 $aAlso issued as part of: Two sermons. 300 $aReproduction of the original in the British Library. 330 $aeebo-0018 606 $aSermons, English$y17th century 615 0$aSermons, English 700 $aDyke$b Jeremiah$f1584-1639.$01001094 801 0$bCu-RivES 801 1$bCu-RivES 801 2$bCStRLIN 801 2$bWaOLN 906 $aBOOK 912 $a996386796303316 996 $aA caueat for Archippus$92320810 997 $aUNISA LEADER 01549nam0 22003613i 450 001 TO00854647 005 20231121125841.0 100 $a20180205e19681909||||0itac50 ba 101 | $aeng$cgrc 102 $anl 181 1$6z01$ai $bxxxe 182 1$6z01$an 200 1 $a˜The œacharnians$fAristophanes$gwith introduction, english prose translation, critical notes and commentary by W. J. M. Starkie 205 $aRist. anast 210 $aAmsterdam$cM. Hakkert$d1968 215 $aLXXXVIII, 274 p.$d23 cm 300 $aRiprod. facs. dell'ed. di Londra del 1909 300 $aContiene: An Aristotelian analysis of The comic illustrated from Aristophanes, Rabelais, Shakespeare, and Moliere. 500 10$aAcharnenses$3RMS0050933$9CFIV018870$93090844 606 $aAristofane . Acarnesi$xEdizioni critiche$2FIR$3RMLC440322$9E 676 $a882.01$9Poesia drammatica e letteratura drammatica greca classica. Periodo antico, fino al 499 ca.$v22 700 0$aAristophanes$3CFIV018870$4070$0602827 702 1$aStarkie$b, W. J. M.$3UFIV010184 790 0$aAristofane$3CFIV018871$zAristophanes 790 0$aAristofan?s$3CFIV316949$zAristophanes 801 3$aIT$bIT-01$c20180205 850 $aIT-FR0017 899 $aBiblioteca umanistica Giorgio Aprea$bFR0017 $eN 912 $aTO00854647 950 0$aBiblioteca umanistica Giorgio Aprea$d 52S.SIJ. LG1 Ari.Ach.Sta.$e 52FLS0000195695 VMB RS $fA $h20180205$i20180205 977 $a 52 996 $aAcharnenses$93090844 997 $aUNICAS